00430nam a2200133 a 4500008004100000020001800041050001400059100002200073245013100095260003100226300001500257350000900272650001500281081212s2007 ||||||||||||||||| || u a9781845282257 aHD 31 Fai aFairweather, Alan10aHow to be a motivational manager: an essential guide for leaders and managers who need to get fast results with minimum stress aOxfordbHow To Booksc2007 avii, 227p. a0.00 0aMANAGEMENT